Central Library OPAC University of Rajshahi

Advanced surveying : (Record no. 52663)

MARC details
000 -LEADER
fixed length control field 00695nam a2200241 a 4500
001 - CONTROL NUMBER
control field 52663
003 - CONTROL NUMBER IDENTIFIER
rucl marc code BD-RJUL
005 - DATE AND TIME OF LATEST TRANSACTION
control field 20211209075836.0
008 - FIXED-LENGTH DATA ELEMENTS--GENERAL INFORMATION
fixed length control field 160925r19481950enk 000 0 eng d
035 ## - SYSTEM CONTROL NUMBER
System control number BD-RjUL52783
040 ## - CATALOGING SOURCE
Original cataloging agency BD-RjUL
Language of cataloging eng
Transcribing agency BD-RjUL
041 ## - LANGUAGE CODE
Language code of text/sound track or separate title eng
082 ## - DEWEY DECIMAL CLASSIFICATION NUMBER
Edition number 23
Classification number 526.9
Author mark and year JAA 1950
100 1# - MAIN ENTRY--PERSONAL NAME
Personal name Jameson, Alexander H.
9 (RLIN) 157491
245 10 - TITLE STATEMENT
Title Advanced surveying :
Remainder of title a text-book for students /
Statement of responsibility, etc. by Alex. H. Jameson
250 ## - EDITION STATEMENT
Edition statement 2nd ed
260 ## - PUBLICATION, DISTRIBUTION, ETC. (IMPRINT)
Place of publication, distribution, etc. London :
Name of publisher, distributor, etc. Pitman,
Date of publication, distribution, etc. 1948 [reprint 1950]
300 ## - PHYSICAL DESCRIPTION
Pagination 388 p :
Illustrations ill. ;
Size 22 cm
500 ## - GENERAL NOTE
General note Previous ed.: 1934
650 #0 - SUBJECT ADDED ENTRY--TOPICAL TERM
Topical term or geographic name as entry element Surveying
9 (RLIN) 154323
830 #0 - SERIES ADDED ENTRY--UNIFORM TITLE
Uniform title Engineering degree series
942 ## - ADDED ENTRY ELEMENTS (KOHA)
Source of classification or shelving scheme Dewey Decimal Classification
Koha item type Books
Holdings
Lost status Source of classification or shelving scheme Damaged status Not for loan Collection code Permanent Location Current Location Shelving location Date acquired Source of acquisition Cost, normal purchase price Total Checkouts Full call number Date last seen Copy number Koha item type
  Dewey Decimal Classification     Non-fiction Central Library, University of Rajshahi Central Library, University of Rajshahi   12/11/1955 W.B.C. 17.00   526.9 JAA 1950 25/09/2016 C-2 Books